-
KUMAR, MR. PANKAJ AND JAIN, DR, RITESH
Entry Personal Name
Number of records used in: 1
001 - CONTROL NUMBER
003 - CONTROL NUMBER IDENTIFIER
005 - DATE AND TIME OF LATEST TRANSACTION
- control field:
20251124102007.0
008 - FIXED-LENGTH DATA ELEMENTS
- fixed length control field:
251124|| aca||aabn | a|a d
040 ## - CATALOGING SOURCE
- Original cataloging agency:
JRU
- Transcribing agency:
JRU
100 ## - HEADING--PERSONAL NAME
- Personal name:
KUMAR, MR. PANKAJ AND JAIN, DR, RITESH
670 ## - SOURCE DATA FOUND
- Source citation:
Work cat.: (JRU)8964: KUMAR, MR. PANKAJ AND JAIN, DR, RITESH , MULTIPLE CHOICE QUESTIONS [MCQS] OF PHARMACEUTICS- I : FOR THE STUDENTS OF B. PHARMA [ 1ST, SEM], 2025